00442 2200169 4500001002100000005001500021035002000036245006200056100002700118250000600145300002900151260003200180082001400212084002000226020001800246990000800264INLIS00000000000028820190319010704 a0010-03190001051 aTeka Teki Hilangnya Nona Hatty Doran /cLilih Prilian Ari0 aSir Arthur Conan Doyle a1 a100 hlm :bilus ;c18 cm aJogjakarta :bNarasi,c2010 a899.221'3 a899.221'3 SIR t a979-168-237-2 a683